000 06465nas a22003137a 4500
003 NALT
005 20260105154822.0
006 a|||p|r|||| 00| 0
007 ta
008 251105b th |||p| |||| 00| 0 tha d
040 _aNALT
041 _atha
245 0 0 _aรัฐสภาสาร ปีที่ 25 ฉบับที่ 7-12 (กรกฎาคม-ธันวาคม 2520).
260 _aสำนักงานเลขาธิการรัฐสภา.
310 _aรายเดือน.
500 _aวารสารเย็บเล่ม
505 2 _aปีที่ 25 ฉบับที่ 7 ก.ค. 2520 -- การออกเสียงโดยการกดปุ่มลงคะแนน -- วิวัฒนาการของการออกเสียงลงคะแนนในที่ประชุม -- การริเริ่มใช้เครื่องลงคะแนนเสียงอัตโนมัติในรัฐสภาไทย -- การติดตั้งเครื่องลงคะแนนเสียงอัตโนมัติในที่ประชุมตึกรัฐสภาหลังใหม่ -- วิธีใช้และการทำงานของเครื่องลงคะแนนเสียงอัตโนมัติ -- การตีความรัฐธรรมนูญ.
505 2 _aปีที่ 25 ฉบับที่ 8 ส.ค. 2520 -- สมเด็จพระบรมราชินีนาถของไทย -- พระราชประวัติ สมเด็จพระนางเจ้าเสาวภาผ่องศรี พระบรมราชินีนาถ -- พระราชพิธีทรงสถาปนาสมเด็จพระบรมราชินีนาถ เป็นผู้สำเร็จราชการรักษาพระองค์ -- พระราชกำหนดผู้สำเร็จราชการแผ่นดิน รัตนโกสินทรศก 115 -- ประกาศในการเสด็จพระราชดำเนินประพาส ณ ประเทศยุโรป -- พระราชกรณียกิจเกี่ยวกับ รัฐสภาไทย -- ประกาศแต่งตั้งผู้สำเร็จราชการแทนพระองค์ -- พระราชกรณียกิจด้านสังคมสงเคราะห์ -- พระราชกรณียกิจด้านการศึกษา.
505 2 _aปีที่ 25 ฉบับที่ 9 ก.ย. 2520 -- ประวัติเทศบาล -- พระราชกำหนดศุขาภิบาล -- ประกาศแก้ไขพระราชบัญญัติจัดการศุขาภิบาลตามหัวเมือง ร.ศ. 127 -- แถลงการณ์เรื่องการจัดระเบียบเทศบาล -- ภาคผนวก : พระราชบัญญัติเทศบาล พุทธศักราช 2481 -- พระราชบัญญัติเทศบาล พุทธศักราช 2486 -- พระราชบัญญัติการเลือกตั้งสมาชิกสภาเทศบาล พุทธศักราช 2482.
505 2 _aปีที่ 25 ฉบับที่ 10 ต.ค. 2520 -- พระพุทธเจ้าหลวงกับการเลิกทาส -- พระราชปรารภในพระบาทสมเด็จพระจุลจอมเกล้าเจ้าอยู่หัวว่าด้วยทาสและเกษียณอายุ -- ประกาศ กระเษียรอายุลูกทาษ ลูกไทย -- พระราชบัญญัติลักษณทาษมณฑลตวันตกเฉียงเหนือ รัตนโกสินทรศก 119 -- ประกาศลดค่าตัวทาษในมณฑลบุรพา -- พระราชบัญญัติ ทาษ รัตนโกสินทรศก 124 -- ศาลปกครอง ฝรั่งเศส -- ประวัติเทศบาล (ต่อจากฉบับที่ 9) -- ภาคผนวก : พระราชบัญญัติรายได้เทศบาล พ.ศ. 2497.
505 2 _aปีที่ 25 ฉบับที่ 11 พ.ย. 2520 -- ธรรมนูญการปกครองราชอาณาจักร พุทธศักราช 2520 -- การประชุมใหญ่สมัชชาใหญ่สหภาพรัฐสภา ครั้งที่ 64 -- คำปราศัยของหัวหน้าคณะผู้แทนหน่วย รัฐสภาไทย (พลอากาศเอก หะริน หงสกุล) ในที่ประชุมใหญ่สมัชชาใหญ่ ครั้งที่ 64 ของสหภาพรัฐสภา ณ กรุงโซเฟีย ประเทศบัลแกเรีย วันที่ 21 กันยายน 2520 -- การประชุมของสมาคม ระหว่างเลขาธิการรัฐสภา.
505 2 _aปีที่ 25 ฉบับที่ 12 ธ.ค. 2520 -- เอกสิทธิ์ของสมาชิกสภา -- ความคุ้มกันต่าง ๆ ที่สมาชิกสภาได้รับ -- ความไม่ต้องรับผิดชอบของสมาชิกสภาผู้แทนราษฎร -- ขอบเขตแห่งความไม่ต้องรับผิดชอบ -- ความละเมิดมิได้ -- ขอบเขตแห่งความละเมิดมิได้ -- ผลแห่งความละเมิดมิได้.
650 0 _aการเมือง
_950904
650 0 _aรัฐสภา
_zไทย
_957374
850 _aNALT
942 _cBOUND
_2lcc
996 _aaroonthip.c
_bLIBSTF
_c2025-11-05
999 _c107430
_d107430
998 _j179
_k นางสาวอรุณทิพย์ จันทร์ดิษฐ์